The Child and adolescent learners and learning principles / (Record no. 10603)
[ view plain ]
| 000 -LEADER | |
|---|---|
| fixed length control field | 01010nam a22003017a 4500 |
| 003 - CONTROL NUMBER IDENTIFIER | |
| control field | URS |
| 005 - DATE AND TIME OF LATEST TRANSACTION | |
| control field | 20220117100011.0 |
| 008 - FIXED-LENGTH DATA ELEMENTS--GENERAL INFORMATION | |
| fixed length control field | 191216b ||||| |||| 00| 0 eng d |
| 020 ## - INTERNATIONAL STANDARD BOOK NUMBER | |
| International Standard Book Number | 9786218035485 |
| 040 ## - CATALOGING SOURCE | |
| Original cataloging agency | URS |
| Language of cataloging | English |
| Transcribing agency | URS |
| Modifying agency | URS |
| Description conventions | rda |
| 050 00 - LIBRARY OF CONGRESS CALL NUMBER | |
| Classification number | BF721 |
| Item number | .C436c 2018 |
| 245 ## - TITLE STATEMENT | |
| Title | The Child and adolescent learners and learning principles / |
| Statement of responsibility, etc. | Brenda B. Corpuz...[and three others]. |
| 260 ## - PUBLICATION, DISTRIBUTION, ETC. | |
| Place of publication, distribution, etc. | Quezon City : |
| Name of publisher, distributor, etc. | Lorimar Publishing, Incorporated, |
| Date of publication, distribution, etc. | ©2018. |
| 300 ## - PHYSICAL DESCRIPTION | |
| Extent | 376 pages : |
| Other physical details | illustrations ; |
| Dimensions | 25 cm. |
| 336 ## - CONTENT TYPE | |
| Content type term | text |
| Content type code | txt |
| Source | rdacontent |
| 337 ## - MEDIA TYPE | |
| Media type term | unmediated |
| Media type code | n |
| Source | rdamedia |
| 338 ## - CARRIER TYPE | |
| Carrier type term | volume |
| Carrier type code | nc |
| Source | rdacarrier |
| 504 ## - BIBLIOGRAPHY, ETC. NOTE | |
| Bibliography, etc. note | Includes bibliographical references. |
| 650 #0 - SUBJECT ADDED ENTRY--TOPICAL TERM | |
| Topical term or geographic name entry element | Child development. |
| 650 #0 - SUBJECT ADDED ENTRY--TOPICAL TERM | |
| Topical term or geographic name entry element | Child psychology. |
| 650 #0 - SUBJECT ADDED ENTRY--TOPICAL TERM | |
| Topical term or geographic name entry element | Adolescent psychology. |
| 650 #0 - SUBJECT ADDED ENTRY--TOPICAL TERM | |
| Topical term or geographic name entry element | Adolescence. |
| 700 ## - ADDED ENTRY--PERSONAL NAME | |
| Personal name | Corpuz, Brenda B. |
| Relator term | author. |
| 700 ## - ADDED ENTRY--PERSONAL NAME | |
| Personal name | Lucas, Ma. Rita D. |
| Relator term | author. |
| 700 ## - ADDED ENTRY--PERSONAL NAME | |
| Personal name | Borado, Heidi Grace L. |
| Relator term | author. |
| 700 ## - ADDED ENTRY--PERSONAL NAME | |
| Personal name | Lucido, Paz I. |
| Relator term | author. |
| 942 ## - ADDED ENTRY ELEMENTS (KOHA) | |
| Source of classification or shelving scheme | Library of Congress Classification |
| Koha item type | Filipiniana |
| Withdrawn status | Source of classification or shelving scheme | Damaged status | Not for loan | Collection code | Home library | Current library | Shelving location | Date acquired | Source of acquisition | Total Checkouts | Full call number | Barcode | Date last seen | Date last checked out | Copy number | Koha item type | Price effective from |
|---|---|---|---|---|---|---|---|---|---|---|---|---|---|---|---|---|---|
| Library of Congress Classification | Non-fiction | Antipolo College Library | Antipolo College Library | Filipiniana Section | 11/19/2025 | Purchased | BF 721 .C4361c 2018 | URSANT-05690 | 11/19/2025 | 1 | Filipiniana | 11/19/2025 | |||||
| Library of Congress Classification | Non-fiction | Antipolo College Library | Antipolo College Library | Filipiniana Section | 11/19/2025 | Purchased | BF 721 .C4361c 2018 | URSANT-05691 | 11/19/2025 | 2 | Filipiniana | 11/19/2025 | |||||
| Library of Congress Classification | Non-fiction | Morong College Library | Morong College Library | New Materials Shelf | 04/13/2023 | BF721 .C436c 2018 | URSMOR-CL-28878 | 04/13/2023 | 1 | Filipiniana | |||||||
| Library of Congress Classification | Non-fiction | Morong College Library | Morong College Library | New Materials Shelf | 04/13/2023 | BF721 .C436c 2018 | URSMOR-CL-28879 | 04/13/2023 | 2 | Filipiniana | |||||||
| Library of Congress Classification | Non-fiction | Morong College Library | Morong College Library | New Materials Shelf | 04/13/2023 | BF721 .C436c 2018 | URSMOR-CL-28880 | 04/13/2023 | 3 | Filipiniana | |||||||
| Library of Congress Classification | Non-fiction | Morong College Library | Morong College Library | New Materials Shelf | 04/13/2023 | BF721 .C436c 2018 | URSMOR-CL-28881 | 04/13/2023 | 4 | Filipiniana | |||||||
| Library of Congress Classification | Non-fiction | Morong College Library | Morong College Library | New Materials Shelf | 04/13/2023 | BF721 .C436c 2018 | URSMOR-CL-28882 | 04/13/2023 | 5 | Filipiniana | |||||||
| Library of Congress Classification | Non-fiction | Taytay College Library | Taytay College Library | Filipiniana Section | 12/16/2019 | Donation | 1 | BF721 .C436c 2018 | URSTAY-4580 | 06/02/2025 | 09/10/2024 | 1 | Filipiniana |